| 000 | 00652nam a2200181 i 4500 | ||
|---|---|---|---|
| 001 | 20808 | ||
| 003 | ES-MaACL | ||
| 005 | 20230906152351.0 | ||
| 007 | t| | ||
| 008 | 021118s1906 fr ||||1| fre d | ||
| 100 | 1 |
_aAksakof, Alexandre. _919039 |
|
| 245 | 1 | 0 |
_aAnimisme et spiritisme _b: essai d'un examen critique des phénomènes mediumniques / _cpar Alexandre Aksakof ; traduit par Berthold Sandow. |
| 250 | _a3eme ed. | ||
| 260 |
_aParís : _bLib. des Sciences Psychiques, _c1906 ( _eSaint-Amand : _fBussiére) |
||
| 300 |
_aXXXII, 634 p., 11 lám. : _b1 retr. aut. ; _c22 cm. |
||
| 700 | 1 |
_aSandow, Berthold. _9103116 |
|
| 852 |
_aES-MaACL _jD-3427 |
||
| 999 |
_c20808 _d20808 |
||